The forlorn jungle (Record no. 127336)

MARC details
000 -LEADER
fixed length control field 00743nam a2200265 i 4500
001 - CONTROL NUMBER
control field C2-0327802
003 - CONTROL NUMBER IDENTIFIER
control field PPAK
005 - DATE AND TIME OF LATEST TRANSACTION
control field 20180728125345.0
008 - FIXED-LENGTH DATA ELEMENTS--GENERAL INFORMATION
fixed length control field 140713s2011 my |||| ||||| | eng d
020 ## - INTERNATIONAL STANDARD BOOK NUMBER
International Standard Book Number 9789670106069
040 ## - CATALOGING SOURCE
Original cataloging agency PPAK
Language of cataloging eng
Transcribing agency PPAK
Description conventions rda
082 04 - DEWEY DECIMAL CLASSIFICATION NUMBER
Classification number 823
Edition number 23
090 00 - LOCALLY ASSIGNED LC-TYPE CALL NUMBER (OCLC); LOCAL CALL NUMBER (RLIN)
Classification number (OCLC) (R) ; Classification number, CALL (RLIN) (NR) 823
Feature heading FAR
Feature heading K
100 0# - MAIN ENTRY--PERSONAL NAME
Personal name Farvis,
Relator term author
245 14 - TITLE STATEMENT
Title The forlorn jungle
264 #1 - PRODUCTION, PUBLICATION, DISTRIBUTION, MANUFACTURE, AND COPYRIGHT NOTICE
Place of production, publication, distribution, manufacture Kuala Terangganu, Terengganu :
Name of producer, publisher, distributor, manufacturer Samudera Didik ,
Date of production, publication, distribution, manufacture, or copyright notice 2011
300 ## - PHYSICAL DESCRIPTION
Extent 85 pages ;
Dimensions 18 cm
336 ## - CONTENT TYPE
Source rdacontent
Content type term text
337 ## - MEDIA TYPE
Source rdamedia
Media type term unmediated
338 ## - CARRIER TYPE
Source rdacarrier
Carrier type term volume
490 1# - SERIES STATEMENT
Series statement Tales from time tunnel
650 10 - SUBJECT ADDED ENTRY--TOPICAL TERM
Topical term or geographic name entry element Children's stories, English. ; English fiction.
830 #0 - SERIES ADDED ENTRY--UNIFORM TITLE
Uniform title Tales from time tunnel
942 ## - ADDED ENTRY ELEMENTS (KOHA)
-- dc
Koha item type Book
Holdings
Withdrawn Not for loan Current library Shelving location Date acquired Full call number Barcode Date last seen Koha item type Total Checkouts
    Bergerak 1, Alor Setar Pinjaman Kanak-kanak 07/05/2015 K 823 FAR A00874106 09/05/2018 Book  
    Bergerak 3, Baling Pinjaman Kanak-kanak 13/05/2015 K 823 FAR A00875095 09/05/2018 Book  
    PD01, Kg. Bendang Raja, Kuala Nerang Pinjaman Kanak-kanak 24/07/2014 K 823 FAR A00870707 09/05/2018 Book  
    PD04, Kg. Bukit Nambua, Kuala Nerang Pinjaman Kanak-kanak 14/03/2017 K 823 FAR A00731012 09/05/2018 Book  
    PD38, KEDA Tanjung Setol, Pendang Pinjaman Kanak-kanak 10/12/2014 K 823 FAR A00871988 09/05/2018 Book  
  Not For Loan e-Pustaka 2 - Alor Setar Rujukan Kanak-kanak 07/05/2015 RK 823 FAR A00874105 09/05/2018 Book